00401nam a2200157Ia 450000100060000000800410000602000180004704000130006508200200007810000200009824500460011826000380016430000110020254600070021365000230022058728140507s9999 xx 000 0 und d a9780071634977 cPK-LaUMT a 658.787bREY-R aReyes, Pedro M. aRFID in the supply chaincReyes, Pedro M. aNew York,USA:bMcGraw-Hill,c2011 a160 p. aEN aBusiness ligistics